U.S. States That End With a Consonant - Statistics

General Stats
  • This quiz has been taken 94 times
  • The average score is 14 of 16
Answer Stats
Hint Answer % Correct
N Michigan
90%
K New York
90%
S Texas
90%
S Kansas
89%
N Washington
89%
S Arkansas
87%
T Connecticut
87%
N Oregon
87%
G Wyoming
87%
D Maryland
85%
S Massachusetts
85%
D Rhode Island
84%
T Vermont
80%
H Utah
78%
S Illinois
76%
N Wisconsin
75%
No matching quizzes found
Score Distribution
Percent of People with Each Score
Percentile by Number Answered
Your Score History
You have not taken this quiz